Регионална библиотека "Любен Каравелов" - Русе

Съчинение разсъждение (Запис номер 33033)

MARC детайли
000 -Лидер
Контролно поле с фиксирана дължина 01917nam a2200373 c 4500
003 - Код на организацията, давaща контролен номер
Контролно поле BLK
005 - Дата и час на последна редакция
Контролно поле 20230406030458.0
008 - Елементи от данни с фиксирана дължина
fixed length control field 180408b bul|||||r ||||||| ||bul||
010 ## - Наследен системен номер
LC control number KNG00035716000
040 ## - Източник на каталожния запис
Идентификатор на билиотеката - собственик на записа BLK
041 ## - Код за език
Код за езика на текст/звукозапис или на отделно заглавие Български
Код за езика КДБФ Български
080 ## - УДК
Текстов определител УДК Българска литература в основното училище. Методика на обучението
УДК код - определител по УДК 373.3.016:821.163.2
УДК определител (075.2)
УДК - код + определител 373.3.016:821.163.2(075.2)
080 ## - УДК
Текстов определител УДК Литературна дейност. Редактиране. Култура на речта. Стилистика. Литературна техника
УДК код - определител по УДК 808
УДК определител (075.2)
УДК - код + определител 808(075.2)
100 1# - Редна дума - Автор
Автор Митева, Елена
Авторска отговорност първи автор
R(LIN) 272695
139 ## - Редно поле
Редна дума Съчинение разсъждение
Авторски знак Сън - С 97
245 10 - Сведения за заглавието
Заглавие Съчинение разсъждение
Подзаглавни данни Помагало за ученици от VІІ кл. : Ч. 1 -
Редно поле (дума) Елена Митева; под ред. на Елена Митева.
Том Ч. 1
257 ## - Страна на издаване
Страна на създаване/издаване България
260 ## - Област на издателските данни
-- София
Име на издателя, разпространителя и проч. ВЕДИ
Година на издаване 1999 -
300 ## - Физическа характеристика
Размери/Мащаб 23 см
380 ## - Жанр
Жанр Обществени науки
500 ## - Общи забележки
Забележка Други авт. : Н. Кирева, В. Михайлова, Т. Виденова, В. Инева, Д. Миронова, Т. Маринова, Л. Малинова. - Доп. тир. 2000.
650 #4 - Допълнително описание по предмет – тема
Основно описание – тема или топоним Българска литература
9 (RLIN) 243597
650 #4 - Допълнително описание по предмет – тема
Основно описание – тема или топоним Съчинение и преразказ
9 (RLIN) 262069
653 ## - Ключова дума – ненормативна
Ключова дума съчинение разсъждение
653 ## - Ключова дума – ненормативна
Ключова дума българска литература
653 ## - Ключова дума – ненормативна
Ключова дума учебни помагала
700 1# - Други автори (авторска отговорност)
Лично име Митева, Елена
Автороска отговорност (Описва отношението между автора и произведението) под ред. на
9 (RLIN) 366909
760 1# - Описание на основната серия
Редна дума на основното описание Митева, Елена
Място на издаване, издател и година 1999
Страници - том 240 с.
Забележка - том Библиогр. под линия.
Заглавие Ч. 1
852 ## - Местоположение
Форматна сигнатура Цб 208297
856 4# - Електронен адрес и достъп
Електронен формат pdf - файл
Път до файла /url/
856 4# - Електронен адрес и достъп
Електронен формат pdf - файл
Път до файла /url/
942 ## - АРТИКУЛИ
Вид на библиотечния материал Книги
Скрит в OPAC Не
Koha issues (borrowed), all copies 1
944 ## - СЪЗДАВАНЕ И РЕДАКЦИЯ на ЗАПИСА
Създаване/Редакция Създаване
Дата на регистрацията/редакция 15.01.2003
Статус, дата на статуса ф /
Служител, извършил регистрацията/редакцията Людмила_Стоянова
944 ## - СЪЗДАВАНЕ И РЕДАКЦИЯ на ЗАПИСА
Създаване/Редакция Редакция
Дата на регистрацията/редакция 09.11.2016
Статус, дата на статуса ф /
Служител, извършил регистрацията/редакцията Людмила_Стоянова
999 ## - СИСТЕМНИ КОНТРОЛНИ НОМЕРА
Koha biblionumber 33033
Koha biblioitemnumber 33033
Наличности
Код за отписване Код за изгубен артикул Код за повреда Коз за рестрикции Код за отдаване Артикулен № Име на библиотеката - собственик Име на библиотеката, в която се намира в момента Статус (Текущо местоположение) Дата на вписване в системата Местоположение - отдел Цена в лева Инвентарен номер Систематично азбучна сигнатура Баркод Номер на екземпляра Цена в евро Служебна бележка Служебен тип на артикула Източник на класификационната схема
  Не е изгубен Не е повреден без рестрикции ползва се в читалня 52773 Регионална библиотека "Любен Каравелов" Русе Регионална библиотека "Любен Каравелов" Русе Хранилище 2002-06-10 Основен фонд - ползва се само за читалня 7.00 120000670345 Цб 208297 120000670345 1 3.58 Дост: Pk Вид: Ф N: 21 Дата: 07.06.2002 Книги  
  Не е изгубен Не е повреден без рестрикции заемане за дома 52774 Регионална библиотека "Любен Каравелов" Русе Регионална библиотека "Любен Каравелов" Русе Детски отдел 2009-09-25 Детски отдел 7.00 120000738429 ДН 373.3.016:821/С 97 120000738429 2 3.58 Дост: DA Вид: А N: 12 Дата: 25.09.2009 Дата инв: 24.08.2015 Бележки инв: Д2015 Книги Universal Decimal Classification
Изтеглен Не е изгубен Не е повреден без рестрикции заемане за дома 52775 Регионална библиотека "Любен Каравелов" Русе Регионална библиотека "Любен Каравелов" Русе Детски отдел 2016-10-06 Детски отдел 7.00 120000804473 ДН 372.88/С 97 120000804473 3 3.58 Дост: DA Вид: А N: 35 Дата: 06.10.2016 Книги Universal Decimal Classification
Vip Innovations Ltd, Rousse, Bulgaria 2025